| 000 | 01134cam a2200313 a 4500 | ||
|---|---|---|---|
| 001 | 2901357 | ||
| 003 | NUST-PNEC | ||
| 005 | 20170116180717.0 | ||
| 008 | 880108s1980 stk d 000 0 eng | ||
| 010 | _a 87149877 | ||
| 020 | _a0550106340 | ||
| 020 | _a0550106324 (hard) | ||
| 020 | _a0521600081 (cover : pbk.) | ||
| 040 | _cPNEC | ||
| 050 | 0 | 0 |
_aPE1628 _b.C41767 1985 |
| 082 | 0 | 0 |
_a423 KIR _219 |
| 100 |
_9740 _aKirkpatrick, E M |
||
| 245 | 0 | 0 |
_aChambers universal learners' dictionary / _cedited by E.M. Kirkpatrick. |
| 250 | _aInternational students' ed. | ||
| 260 |
_aEdinburgh : _bChambers, _cc1980 |
||
| 300 |
_axx, 907 p. ; _c20 cm. |
||
| 500 | _ahttp://www.amazon.com/Chambers-Universal-Learners-Dictionary-International/dp/0550106340/ref=sr_1_1?s=books&ie=UTF8&qid=1413949301&sr=1-1&keywords=0550106340 | ||
| 650 | 0 |
_aEnglish language _xDictionaries. _xGeneral |
|
| 650 | 0 |
_aEnglish language _xTerms and phrases. |
|
| 650 | 0 |
_aEnglish language _xTextbooks for foreign speakers. |
|
| 700 | 1 |
_aKirkpatrick, E. M. _q(Elizabeth McLaren) |
|
| 906 |
_a7 _bcbc _corignew _d3 _encip _f19 _gy-gencatlg |
||
| 942 |
_2ddc _cBK |
||
| 999 |
_c61225 _d61225 |
||